00191nam a22000737a 4500003000400000245006500004260004000069300000800109SGT ainternational journal of computational intelligence research bRIP RESEARCH INDIAN PUBLISHERc2019 a400